Pirasavangal (Record no. 4584)
[ view plain ]
| 000 -LEADER | |
|---|---|
| fixed length control field | 00365nam a2200145Ia 4500 |
| 005 - DATE AND TIME OF LATEST TRANSACTION | |
| control field | 20250508050721.0 |
| 008 - FIXED-LENGTH DATA ELEMENTS--GENERAL INFORMATION | |
| fixed length control field | 240331s9999 xx 000 0 und d |
| 082 ## - DDC Classification | |
| Item Number - Author Mark | MAH |
| Class No. | 891 |
| 100 ## - MAIN ENTRY--PERSONAL NAME | |
| Personal name | Mahendran,K |
| 245 #0 - TITLE STATEMENT | |
| Title | Pirasavangal |
| 260 ## - PUBLICATION, DISTRIBUTION, ETC. | |
| Place of publication, distribution, etc. | Tellippalai |
| Name of publisher, distributor, etc. | Sivan Kalvi Nilayam |
| Date of publication, distribution, etc. | 1986 |
| 300 ## - PHYSICAL DESCRIPTION | |
| Extent (e.g. Volumes, Pages etc.) | 125 p ., |
| 500 ## - GENERAL NOTE | |
| General note | A Short Story Collection in Tamil |
| 942 ## - Koha item type (Biblio) | |
| Koha item type | Books in Stacks (Lending) |
| Lost status | Damaged status | Collection code | Home library | Current library | Shelving location | Date acquired | Full call number | Accession Number | Item type |
|---|---|---|---|---|---|---|---|---|---|
| Lending | WERC Library | WERC Library | Social Science Cupboard | 03/31/2024 | 894.811 MAH | 6294 | Books in Stacks (Lending) |
